Countries Closest to Moscow - Statistics

General Stats
  • This quiz has been taken 166 times
  • The average score is 19 of 20
Answer Stats
Distance (km) Distance (mi) Country % Correct
643 399 Estonia
100%
588 365 Latvia
100%
683 424 Lithuania
100%
0 0 Russia
100%
401 249 Belarus
99%
780 484 Finland
99%
921 573 Poland
99%
452 281 Ukraine
99%
1,484 922 Bulgaria
97%
1,137 707 Sweden
97%
1,114 692 Romania
96%
1,321 821 Hungary
95%
1,039 646 Moldova
95%
1,260 783 Slovakia
95%
1,432 890 Czechia
94%
1,367 849 Georgia
92%
1,509 938 Germany
92%
1,531 951 Turkey
90%
887 551 Kazakhstan
88%
1,552 964 Denmark
86%
No matching quizzes found
Score Distribution
Percent of People with Each Score
Percentile by Number Answered
Your Score History
You have not taken this quiz